-
Sundaram, Anant K. Black, J. Stewact.
Entry Personal Name
Number of records used in: 1
001 - CONTROL NUMBER
003 - CONTROL NUMBER IDENTIFIER
005 - DATE AND TIME OF LATEST TRANSACTION
- control field:
20160611143345.0
008 - FIXED-LENGTH DATA ELEMENTS
- fixed length control field:
160611|| aca||aabn | a|a d
040 ## - CATALOGING SOURCE
- Original cataloging agency:
OSt
- Transcribing agency:
OSt
100 ## - HEADING--PERSONAL NAME
- Personal name:
Sundaram, Anant K. Black, J. Stewact.
670 ## - SOURCE DATA FOUND
- Source citation:
Work cat.: (OSt): Sundaram, Anant K. Black, J. Stewact., The International Business Environment Text & Cases